[Event "Principal 2011/2012"]
[Site "Vitrolles"]
[Date "2012.02.18"]
[Round "7"]
[White "Chauvet, Vincent"]
[Black "Miguel, Alain"]
[Result "1-0"]
[WhiteElo "2076"]
[BlackElo "1868"]
[PlyCount "29"]

1. d4 d5 2. c4 c6 3. Nf3 Nf6 4. Nc3 a6 5. a4 Bg4 6. Ne5 Nbd7 7. Nxg4 Nxg4 8. e4
Ngf6 9. e5 Ne4 10. Nxe4 dxe4 11. Qc2 f5 12. a5 c5 13. e6 Nf6 14. Qa4+ b5 15.
axb6+ 1-0

[Event "Principal 2011/2012"]
[Site "Vitrolles"]
[Date "2012.02.18"]
[Round "7"]
[White "Burmonas, Romain"]
[Black "Busson, Benoist"]
[Result "0-1"]
[WhiteElo "1832"]
[BlackElo "2001"]
[PlyCount "84"]

1. e4 Nc6 2. Nc3 e5 3. Bc4 Nf6 4. d3 Bb4 5. Nge2 d5 6. exd5 Nxd5 7. Bd2 Be6 8.
O-O Nxc3 9. bxc3 Bxc4 10. cxb4 Be6 11. f4 Bg4 12. h3 Bxe2 13. Qxe2 O-O 14. Bc3
f6 15. Rae1 Qd5 16. f5 b6 17. Qd2 Qxa2 18. Rf3 Rfd8 19. Re4 Nd4 20. Rf2 c5 21.
Rg4 Kh8 22. Rh4 cxb4 23. Bxb4 Rac8 24. Qd1 Qf7 25. g4 a5 26. Ba3 Qa2 27. Be7
Rd7 28. g5 Rxe7 29. c3 Qg8 30. g6 h6 31. cxd4 exd4 32. Qd2 Rce8 33. Rxd4 Re1+
34. Kh2 R8e3 35. Rdf4 Qa8 36. Rg2 Qb8 37. Rgf2 Qb7 38. Re4 Qc7+ 39. Ref4 Qc6
40. Re4 Qd6+ 41. Ref4 R1e2 42. Rxe2 Qxf4+ 0-1

[Event "Principal 2011/2012"]
[Site "Vitrolles"]
[Date "2012.02.18"]
[Round "7"]
[White "Milesi, Laurent"]
[Black "Flores, Adrian"]
[Result "1-0"]
[WhiteElo "2137"]
[BlackElo "1899"]
[PlyCount "75"]

1. e4 g6 2. d4 Bg7 3. Nc3 d6 4. Bc4 a6 5. Qf3 e6 6. Nge2 Nc6 7. Be3 b5 8. Bb3
Bb7 9. O-O-O Na5 10. Qh3 Nxb3+ 11. axb3 b4 12. Na2 Bxe4 13. Nxb4 a5 14. Nd3 Ne7
15. Nc3 Bc6 16. Rhe1 O-O 17. g4 Nd5 18. Nxd5 Bxd5 19. Bh6 Bxh6+ 20. Qxh6 Qf6
21. Re3 a4 22. Rh3 Qg7 23. Qxg7+ Kxg7 24. bxa4 Rxa4 25. Nf4 Bb7 26. Rc3 c5 27.
Ne2 cxd4 28. Rxd4 Ra1+ 29. Kd2 d5 30. Rc7 Ba8 31. f4 Rh1 32. b4 g5 33. b5 Rb8
34. Ra4 Rxh2 35. Raa7 Rf8 36. Ke3 d4+ 37. Nxd4 Rh3+ 38. Kd2 1-0

[Event "Principal 2011/2012"]
[Site "Vitrolles"]
[Date "2012.02.18"]
[Round "7"]
[White "Kaser, Simon"]
[Black "Noireaut, Hung"]
[Result "0-1"]
[WhiteElo "1796"]
[BlackElo "1880"]
[PlyCount "55"]

1. d4 d5 2. c4 e6 3. Nc3 c6 4. e4 dxe4 5. Nxe4 Nf6 6. Nxf6+ Qxf6 7. Nf3 Nd7 8.
Bd3 Bb4+ 9. Bd2 Bxd2+ 10. Qxd2 O-O 11. O-O e5 12. dxe5 Nxe5 13. Nxe5 Qxe5 14.
Rfe1 Qf6 15. Rad1 Be6 16. Qb4 b6 17. c5 bxc5 18. Qxc5 Qxb2 19. Re2 Qb6 20. Qh5
g6 21. Qf3 Rfd8 22. Red2 Rab8 23. h3 c5 24. Qf4 Qb4 25. Qe3 Qd4 26. Bxg6 Qf6
27. Be4 Rxd2 28. Qg3+ 0-1

[Event "Principal 2011/2012"]
[Site "Vitrolles"]
[Date "2012.02.08"]
[Round "7"]
[White "Anton, Jose"]
[Black "Battaglia, Gerard"]
[Result "0-1"]
[WhiteElo "1889"]
[BlackElo "1833"]
[PlyCount "114"]
[EventDate "2012.??.??"]

1. e4 e5 2. d4 exd4 3. c3 dxc3 4. Bc4 Qe7 5. Nxc3 Nf6 6. Nf3 d6 7. Ng5 Be6 8.
Bxe6 fxe6 9. Qb3 c6 10. Nxe6 Na6 11. O-O h6 12. Re1 Nc5 13. Nxc5 dxc5 14. e5
O-O-O 15. f4 Ne8 16. Ne4 Rd5 17. Be3 Qd7 18. Red1 b6 19. a4 c4 20. Qc2 Bb4 21.
Bd2 Bxd2 22. Rxd2 Nc7 23. Nd6+ Kb8 24. Nxc4 Rxd2 25. Qxd2 Qxd2 26. Nxd2 Rf8 27.
g3 c5 28. Ne4 Ne6 29. Nd6 a6 30. Re1 Kc7 31. Kg2 Nd4 32. Kh3 h5 33. Rf1 g6 34.
Kg2 b5 35. axb5 axb5 36. Ra1 Kb6 37. Ne4 Nf5 38. Re1 Rd8 39. Re2 b4 40. Rd2 Nd4
41. Nd6 Kc6 42. Nf7 Re8 43. Nd6 Re7 44. Kf2 Nb3 45. Rd3 Nd4 46. Ke3 Ra7 47. Rd2
Nb3 48. Rc2 Nd4 49. Rf2 Ra2 50. Kd3 Kd5 51. Nc8 c4+ 52. Ke3 Nf5+ 53. Kf3 Ke6
54. Nb6 c3 55. Nc4 c2 56. Rf1 Nd4+ 57. Ke4 Nb3 0-1

[Event "Principal 2011/2012"]
[Site "Vitrolles"]
[Date "2012.03.17"]
[Round "8"]
[White "Noireaut, Hung"]
[Black "Anton, Jose"]
[Result "1/2-1/2"]
[WhiteElo "1882"]
[BlackElo "1885"]
[PlyCount "65"]

1. e4 c5 2. Nc3 Nc6 3. g3 e5 4. Bg2 Nf6 5. d3 Be7 6. f4 d6 7. Nf3 Bd7 8. O-O
Qc7 9. Nd5 Nxd5 10. exd5 Nd4 11. c3 Nxf3+ 12. Qxf3 O-O 13. f5 b5 14. Be3 Bf6
15. g4 Qd8 16. Qg3 Bh4 17. Qh3 Bg5 18. Be4 Bxe3+ 19. Qxe3 f6 20. Rf2 a5 21. Kh1
b4 22. c4 a4 23. Rg2 a3 24. b3 Bc8 25. Rag1 Ra7 26. Qg3 Rff7 27. Qh4 h6 28. Qg3
Kf8 29. h4 Ke8 30. Qh3 Qe7 31. g5 hxg5 32. hxg5 Kd8 33. g6 1/2-1/2

[Event "Principal 2011/2012"]
[Site "Vitrolles"]
[Date "2012.03.17"]
[Round "8"]
[White "Flores, Adrian"]
[Black "Kaser, Simon"]
[Result "1-0"]
[WhiteElo "1899"]
[BlackElo "1788"]
[PlyCount "67"]

1. d4 d5 2. c4 e6 3. Nc3 c6 4. cxd5 exd5 5. Nf3 Nf6 6. Bg5 Be7 7. e3 O-O 8. Qc2
g6 9. Bd3 Nh5 10. Bxe7 Qxe7 11. O-O Ng7 12. e4 dxe4 13. Bxe4 Bf5 14. Rfe1 Qd7
15. Rad1 Na6 16. a3 Nc7 17. Qb3 Nce8 18. d5 c5 19. Ne5 Qc7 20. Nc4 Rd8 21. d6
Nxd6 22. Nd5 Qb8 23. Nf6+ Kh8 24. Bxf5 Ngxf5 25. Nxd6 Nxd6 26. Qh3 Kg7 27. Nd7
Rxd7 28. Qxd7 Rd8 29. Qe7 Re8 30. Qg5 Ne4 31. Qd5 Qf4 32. f3 Nd6 33. Rxe8 Nxe8
34. Qxc5 1-0

[Event "Principal 2011/2012"]
[Site "Vitrolles"]
[Date "2012.03.17"]
[Round "8"]
[White "Busson, Benoist"]
[Black "Milesi, Laurent"]
[Result "0-1"]
[WhiteElo "1970"]
[BlackElo "2133"]
[PlyCount "126"]

1. d4 g6 2. e4 Bg7 3. Nc3 c5 4. d5 d6 5. Nf3 Nf6 6. Bb5+ Nfd7 7. a4 O-O 8. O-O
Na6 9. Ne2 Nc7 10. Bd3 a6 11. c3 Rb8 12. a5 b6 13. axb6 Rxb6 14. Ra3 Nb5 15.
Rb3 Qc7 16. Nd2 Ne5 17. Nc4 Nxc4 18. Bxc4 Bd7 19. Bg5 a5 20. Qd3 Rfb8 21. Ra1
a4 22. Rxa4 Nxc3 23. Rxb6 Qxb6 24. Nxc3 Bxc3 25. Ra2 Bxb2 26. Ra6 Qb7 27. h4
Be5 28. g3 Qb1+ 29. Qxb1 Rxb1+ 30. Kg2 Rb4 31. Bh6 Rb8 32. Ra7 Rd8 33. Bd2 Be8
34. Rxe7 Kg7 35. Be3 Bd7 36. Bxc5 Kf8 37. Rxe5 dxc5 38. d6 Bc6 39. Re7 f5 40.
Rf7+ Ke8 41. Rxh7 Rxd6 42. Rc7 Kd8 43. Rxc6 Rxc6 44. exf5 gxf5 45. Kf3 Ke7 46.
Bd3 Kf6 47. Kf4 c4 48. Bxf5 c3 49. Bc2 Rd6 50. Ke3 Rd2 51. Be4 Ke5 52. f4+ Kf6
53. h5 Rh2 54. g4 c2 55. g5+ Ke6 56. f5+ Ke5 57. Bxc2 Rxc2 58. f6 Rc3+ 59. Kd2
Rc7 60. Ke3 Kf5 61. g6 Kxf6 62. Kf4 Rc4+ 63. Kf3 Rh4 0-1

[Event "Principal 2011/2012"]
[Site "Vitrolles"]
[Date "2012.03.31"]
[Round "9"]
[White "Burmonas, Romain"]
[Black "Miguel, Alain"]
[Result "1-0"]
[WhiteElo "1845"]
[BlackElo "1859"]
[PlyCount "35"]

1. e4 d5 2. exd5 Qxd5 3. Nf3 Bg4 4. Be2 Nc6 5. d4 e5 6. c4 Qa5+ 7. Bd2 Bb4 8.
Nc3 Bxf3 9. Bxf3 exd4 10. Nb5 Nge7 11. Bxc6+ Nxc6 12. Qe2+ Kd8 13. O-O-O Qxa2
14. Bf4 Ba5 15. Nxd4 Qa1+ 16. Kc2 Nb4+ 17. Kc3 Qa4 18. Nc6+ 1-0

[Event "Principal 2011/2012"]
[Site "Vitrolles"]
[Date "2012.03.31"]
[Round "9"]
[White "Milesi, Laurent"]
[Black "Chauvet, Vincent"]
[Result "1/2-1/2"]
[WhiteElo "2133"]
[BlackElo "2058"]
[PlyCount "160"]

1. e4 e5 2. Nf3 Nc6 3. Bc4 Nf6 4. d3 Be7 5. c3 O-O 6. O-O d6 7. Bb3 Na5 8. Bc2
c5 9. h3 Nc6 10. Re1 Qc7 11. Nbd2 Nd8 12. d4 Ne6 13. d5 Nf4 14. Nf1 Ng6 15. g4
h6 16. Ng3 Nh7 17. Nf5 Bg5 18. Nxg5 hxg5 19. Kh2 f6 20. Be3 Kf7 21. b4 b6 22.
a4 a5 23. Rb1 Rh8 24. Bd3 Nhf8 25. Bf1 Nf4 26. Qb3 axb4 27. cxb4 g6 28. bxc5
bxc5 29. Qb7 Bxb7 30. Rxb7 Qd7 31. Nxd6+ Kg7 32. Bxc5 Qxb7 33. Nxb7 Rxa4 34.
Rc1 Rxe4 35. Be3 Rxe3 36. fxe3 Nxd5 37. Bg2 Nxe3 38. Rc7+ Kg8 39. Be4 Rh7 40.
Rc3 Nxg4+ 41. Kg1 Rh4 42. Bd5+ Kg7 43. Rc7+ Kh6 44. hxg4 Rxg4+ 45. Kh2 Rd4 46.
Bg8 Kh5 47. Rf7 Rd2+ 48. Kg3 f5 49. Rxf8 g4 50. Nc5 f4+ 51. Rxf4 exf4+ 52. Kxf4
Rf2+ 53. Kg3 Rf3+ 54. Kg2 Re3 55. Bd5 Kh4 56. Ne4 Re2+ 57. Kg1 g3 58. Bc6 g5
59. Bd5 g4 60. Bc6 Rb2 61. Bd5 g2 62. Nf2 Kg3 63. Ne4+ Kf4 64. Nf2 Kg3 65. Ne4+
Kh4 66. Nf2 Rd2 67. Bxg2 g3 68. Ne4 Rd1+ 69. Bf1 Re1 70. Nd2 Ra1 71. Nf3+ Kg4
72. Ne5+ Kf4 73. Ng6+ Kf5 74. Nh4+ Kg4 75. Ng2 Kf3 76. Nh4+ Kg4 77. Ng2 Rc1 78.
Ne3+ Kf3 79. Ng2 Ra1 80. Nh4+ Ke3 1/2-1/2

[Event "Principal 2011/2012"]
[Site "Vitrolles"]
[Date "2012.03.31"]
[Round "9"]
[White "Kaser, Simon"]
[Black "Busson, Benoist"]
[Result "1/2-1/2"]
[WhiteElo "1788"]
[BlackElo "1970"]
[PlyCount "81"]

1. d4 d5 2. Nf3 e6 3. c4 c5 4. cxd5 exd5 5. Nc3 Nc6 6. Bf4 Nf6 7. e3 c4 8. Be2
Bb4 9. Nd2 Qa5 10. Qc1 Bf5 11. O-O O-O 12. Bg3 Rfe8 13. Nf3 Bxc3 14. Qxc3 Qxc3
15. bxc3 Ne4 16. Rfc1 Nxg3 17. hxg3 h6 18. Kf1 b5 19. Nd2 Rab8 20. Bf3 Bd3+ 21.
Ke1 Ne7 22. a4 b4 23. cxb4 Rxb4 24. Nb1 Nf5 25. Kd1 Rb2 26. Nd2 Ne7 27. g4 Nc6
28. Bxd5 Nxd4 29. Bxc4 Bc2+ 30. Ke1 Bg6 31. Ra2 Rb4 32. Kf1 Ne6 33. f4 Rxc4 34.
Nxc4 Bd3+ 35. Kf2 Rc8 36. Ra3 Rxc4 37. Rxc4 Bxc4 38. Rc3 Bd5 39. g3 Kf8 40. Ke2
a6 41. Kd3 1/2-1/2

[Event "Principal 2011/2012"]
[Site "Vitrolles"]
[Date "2012.03.31"]
[Round "9"]
[White "Anton, Jose"]
[Black "Flores, Adrian"]
[Result "1-0"]
[WhiteElo "1885"]
[BlackElo "1899"]
[PlyCount "91"]

1. e4 c5 2. d4 cxd4 3. c3 dxc3 4. Nxc3 Nc6 5. Nf3 d6 6. Bc4 e6 7. O-O Nf6 8.
Qe2 Be7 9. Rd1 e5 10. h3 O-O 11. b3 a6 12. Ba3 b5 13. Bd5 Bb7 14. Rac1 Qb8 15.
Bxc6 Bxc6 16. Nxe5 Bb7 17. Ng4 Nxg4 18. Qxg4 b4 19. Bxb4 Bc8 20. Qf4 g5 21. Qe3
Be6 22. Ba3 f6 23. Nd5 Bxd5 24. exd5 Re8 25. Qe6+ Kg7 26. Rc6 Bf8 27. Qg4 Qd8
28. Bb2 h6 29. h4 Kg8 30. Qf5 Bg7 31. Rdc1 Qe7 32. Rc7 Qf8 33. hxg5 hxg5 34.
Ba3 Rad8 35. Ra7 Rc8 36. Rxc8 Rxc8 37. Qe6+ Kh8 38. Bxd6 Qd8 39. Qe7 Qg8 40.
Ba3 Re8 41. Qd7 Re1+ 42. Kh2 Re4 43. g3 g4 44. Qf5 Re5 45. Qxg4 Rxd5 46. Qh3+
1-0